| 000 | 00952cam a22002651 4500 | ||
|---|---|---|---|
| 001 | he 68002866 | ||
| 003 | DLC | ||
| 005 | 20260227111503.0 | ||
| 008 | 870527s1965 is ac 000 0cheb | ||
| 010 | _ahe 68002866 | ||
| 035 | _a(OCoLC)15736056 | ||
| 040 |
_aDLC _cTxU _dTxU _dDLC |
||
| 042 | _apremarc | ||
| 050 | 0 | 0 |
_aDS135.P62 _bK683 |
| 245 | 0 | 0 |
_aKe-ʻalim ba-ruaḥ _b[zikhronot ve-yoman] |
| 260 |
_aTel-Aviv, _bḤug Yedide Be. H. S. ha-Yarkon _c[1965 or 6] 726. |
||
| 300 |
_a169 p. _billus., port. _c19 cm. |
||
| 505 | 0 | _aMasekhet ḥayyim [me-et] M. Ts. Fridner.--Be-mikdasho shel ha-Molekh [me-et] M. Bosak.--Be-ʻene yeled [me-et] Y. Feldman. Tirgem mi-Polanit M. Ts. Fridner. | |
| 650 | 0 |
_aHolocaust, Jewish (1939-1945) _xPersonal narratives. |
|
| 650 | 0 |
_aJews _zPoland _zKraków. |
|
| 700 | 1 | _aFriedner, Moshe Z. | |
| 700 | 1 |
_aBosak, Meir, _d1912- |
|
| 700 | 1 | _aFeldman, Juliusz. | |
| 710 | 2 | _aḤug Yedide Bet-ha-Sefer ha-Yarkon. | |
| 999 |
_c33719 _d33719 |
||